Superestrella - Aitana - Estadísticas

Estadísticas generales
  • Esta prueba ha sido intentada 178 veces
  • La puntuación promedio es 238 de 265
Estadísticas de respuestas
Letra Respuesta % Correcto
Verso 1 Me
100%
me
100%
que
99%
Que
99%
ve
99%
en
98%
la
98%
mi
98%
(mi
98%
98%
Intro Superestrella
98%
superestrella
98%
(Superestrella)
98%
(superestrella)
98%
a
97%
disco
97%
queda
97%
se
97%
97%
y
97%
Y
97%
de
96%
De
96%
es
96%
mirando
96%
un
96%
con
95%
Con
95%
dice
94%
digo
94%
el
94%
Estribillo El
94%
está
94%
le
94%
no
94%
No
94%
quiere
94%
una
94%
Yo
94%
error
93%
error)
93%
estar
93%
próximo
93%
Te
93%
te
93%
ha
92%
importa
92%
ser
92%
conmigo
91%
directo
91%
lo
91%
ni
91%
tan
91%
viene
91%
divertirse
90%
donde
90%
barra
89%
camisa
89%
los
89%
pasillos
89%
baño
88%
bien
88%
entrando
88%
esa
88%
fácil
88%
Fuck
88%
diablos
87%
más
87%
metido
87%
rumores
87%
vuelan
87%
enamorarse
86%
Verso 2 Estoy
86%
estoy
86%
Mierda
86%
reojo
86%
vas
86%
habrá
85%
mis
85%
tu
85%
Versace
85%
amigas
84%
has
84%
Hoy
84%
hoy
84%
será
84%
al
82%
salido?
82%
para
81%
tantos
81%
uno
81%
eres
80%
todo
80%
haciendo
79%
Pero
79%
pero
79%
poco
79%
Solo
79%
toda
79%
Vamos
79%
Creo
78%
mundo
78%
quiero
78%
quizás
78%
ti
78%
Verso 3 Aquí
77%
aquí
77%
conocido
77%
¿Dónde
77%
estamos
77%
vida
77%
conozco
76%
muriendo
75%
soy
75%
vámonos
75%
ya
75%
he
74%
noticia
74%
TV
74%
conocerte
72%
mañana
72%
pensado
72%
querernos
72%
seas
72%
apellido
71%
quien
71%
seremos
71%
cuente
69%
solos
69%
empezando
68%
mentiras
68%
Tatuarme
65%
Supongo
60%
retomamos
55%
¿Dónde
18%
No se encontraron pruebas coincidentes
Distribución de puntuación
Porcentaje de gente con cada puntuación
Porcentaje por número respondido
Historial de tus puntuaciones
No has intentado esta prueba.